|
|
|
|
| LEADER |
00000ngm^a2200000^a^4500 |
| 001 |
000394781 |
| 005 |
20251020000000.0 |
| 009 |
20260310121345.026 |
| 020 |
|
|
|a 1-56580-40-07
|
| 037 |
|
|
|a Acervo ITESO - Biblioteca
|
| 041 |
|
|
|a OTR
|
| 082 |
|
|
|a 894. 35
|b UST
|
| 100 |
|
|
|a Ustaoglu, Yesim
|e (realización)
|
| 240 |
1 |
1 |
|a [Viaje hacia el sol]
|
| 245 |
1 |
0 |
|a Journey to the Sun =
|b Günese Yolculuk /
|c Realización de Y. Ustaoglu.
|
| 246 |
2 |
|
|a Título en México: Viaje hacia el sol
|
| 264 |
|
2 |
|a Chicago, EUA :
|b Facets Video [distribución],
|c 2004, c2004
|
| 300 |
|
|
|a 1 DVD sin dato de región (104 min.) :
|b color +
|e 1 folleto (15 p.)
|
| 336 |
|
|
|a imagen móvil bidimensional
|b tdi
|2 rdacontenido
|
| 337 |
|
|
|a video
|b v
|2 rdamedio
|
| 338 |
|
|
|a videodisco
|b vd
|2 rdasoporte
|
| 546 |
|
|
|a En kurdo y turco, con subtítulos opcionales: inglés
|
| 649 |
|
|
|a XX
|
| 650 |
|
|
|a Kurdos en Turquía -
|x Condiciones Políticas -
|x Tema Principal
|
| 650 |
|
|
|a Cine Social y Político
|
| 650 |
|
|
|a Road Movies
|
| 650 |
|
|
|a Dramas Cinematográficos
|
| 650 |
|
|
|a Cine de Mujeres -
|z Turquía
|
| 650 |
|
|
|a Cine Turco -
|y 1990-1999
|
| 650 |
|
|
|a Cine Turco -
|y Siglo XX
|
| 650 |
|
|
|a Amistad
|
| 650 |
|
|
|a Madurez
|
| 650 |
|
|
|a Duelo
|
| 650 |
|
|
|a Relaciones Interculturales -
|z Turquía
|
| 650 |
|
|
|a Diversidad Cultural -
|z Turquía
|
| 650 |
|
|
|a Identidad Cultural -
|z Turquía
|
| 650 |
|
|
|a Migración Rural-Urbana -
|z Turquía
|
| 650 |
|
|
|a Migración Interna -
|z Turquía
|
| 650 |
|
|
|a Racismo -
|z Turquía
|
| 650 |
|
|
|a Discriminación -
|z Turquía
|
| 650 |
|
|
|a Problemas Sociales -
|z Turquía
|
| 650 |
|
|
|a Turquía -
|x Condiciones Políticas -
|x Tema Principal
|
| 650 |
|
|
|a Política -
|z Turquía -
|x Historia -
|y 1993-2000 -
|x Tema Principal
|
| 650 |
|
|
|a Política -
|z Turquía -
|x Historia -
|y República, 1923 en Adelante
|
| 650 |
|
|
|a Kurdistán (Región) -
|x Condiciones Políticas -
|x Tema Principal
|
| 650 |
|
|
|a Política
|z Kurdistán (Región) -
|x Historia -
|y 1990-1999 -
|x Tema Principal
|
| 650 |
|
|
|a Política
|z Kurdistán (Región) -
|x Historia -
|y Siglo XX
|
| 740 |
0 |
|
|a Confronting Turkey's Social Realities :
|b An Interview with Yesim Ustaoglu /
|c Y. Ustaoglu ; entrevistada por N. Monceau.
|
| 700 |
|
|
|a Ustaoglu, Yesim
|e (guión)
|
| 700 |
|
|
|a Petrycki, Jacek
|e (fotógrafo)
|
| 700 |
|
|
|a Gaster, Nicolas
|e (montaje)
|
| 700 |
|
|
|a Stefanovski, Vlatko
|e (música)
|
| 700 |
|
|
|a Baz, Newroz
|e (actuación)
|
| 700 |
|
|
|a Kirik, Nazmî
|e (actuación)
|
| 700 |
|
|
|a Kapazan, Mizgin
|e (actuación)
|
| 700 |
|
|
|a Monceau, Nicolas
|e (entrevista)
|
| 910 |
|
|
|a Fondo General
|
| 920 |
|
|
|a Audiovisuales - DVDs
|
| 940 |
|
|
|a Películas
|
| 905 |
|
|
|a 302
|
| 901 |
|
|
|a 0500289800
|b IT2
|c DVS
|i C152232
|u 20250521
|
| 901 |
|
|
|a 0500289801
|b IT2
|c MIN
|i C152232
|u 20251020
|
| 902 |
|
|
|a https://opac.biblio.iteso.mx/vufind/Record/000394781
|